Association of Chief Estates Surveyors and Property Managers in the Public Sector (ACES) (Record no. 121050)
[ view plain ]
| 000 -LEADER | |
|---|---|
| fixed length control field | 01092cai a22002295a 4500 |
| 001 - CONTROL NUMBER | |
| control field | W159618 |
| 008 - FIXED-LENGTH DATA ELEMENTS--GENERAL INFORMATION | |
| fixed length control field | 111007u xxk f 000 0 eng d |
| 035 ## - SYSTEM CONTROL NUMBER | |
| System control number | (Sirsi) u159618 |
| 041 0# - LANGUAGE CODE | |
| Language code of text/sound track or separate title | eng |
| 110 2# - MAIN ENTRY--CORPORATE NAME | |
| Corporate name or jurisdiction name as entry element | Association of Chief Estates Surveyors and Property Managers in the Public Sector |
| 9 (RLIN) | 5693 |
| 245 00 - TITLE STATEMENT | |
| Title | Association of Chief Estates Surveyors and Property Managers in the Public Sector (ACES) |
| Medium | [electronic resource] |
| 520 ## - SUMMARY, ETC. | |
| Summary, etc. | ACES represents the professional heads of property and asset management services in local authorities and the public sector organisations in England, Scotland, Wales and Northern Ireland and senior surveyors in the private sector who predominantly provide professional property services to the public sector. |
| 590 ## - LOCAL NOTE (RLIN) | |
| Local note | KA NTK |
| 650 ## - SUBJECT ADDED ENTRY--TOPICAL TERM | |
| Topical term or geographic name entry element | PUBLIC SECTOR PROPERTY |
| 650 24 - SUBJECT ADDED ENTRY--TOPICAL TERM | |
| Topical term or geographic name entry element | ASSET MANAGEMENT |
| 650 24 - SUBJECT ADDED ENTRY--TOPICAL TERM | |
| Topical term or geographic name entry element | LOCAL AUTHORITIES |
| 650 ## - SUBJECT ADDED ENTRY--TOPICAL TERM | |
| Topical term or geographic name entry element | PUBLIC SECTOR ASSETS |
| 651 #4 - SUBJECT ADDED ENTRY--GEOGRAPHIC NAME | |
| Geographic name | United Kingdom |
| Chronological subdivision | 1973- |
| 690 ## - LOCAL SUBJECT ADDED ENTRY--TOPICAL TERM (OCLC, RLIN) | |
| Topical term or geographic name as entry element | Property management |
| 9 (RLIN) | 6262 |
| 856 40 - ELECTRONIC LOCATION AND ACCESS | |
| Uniform Resource Identifier | <a href="https://www.aces.org.uk/">https://www.aces.org.uk/</a> |
| Public note | View the website free of charge at www.aces.org.uk |
| 942 ## - ADDED ENTRY ELEMENTS (KOHA) | |
| Suppress in OPAC | 0 |
| Withdrawn status | Lost status | Source of classification or shelving scheme | Damaged status | Not for loan | Home library | Current library | Shelving location | Date acquired | Total Checkouts | Full call number | Barcode | Date last seen | Copy number | Price effective from | Koha item type |
|---|---|---|---|---|---|---|---|---|---|---|---|---|---|---|---|
| Dewey Decimal Classification | Virtual | Virtual | Online | 22/11/2017 | WEB-SITE | 159618-2001 | 06/08/2019 | 1 | 06/08/2019 | Online material |